| 000 | 00722nam a22002057a 4500 | ||
|---|---|---|---|
| 999 |
_c14822 _d14822 |
||
| 003 | OSt | ||
| 005 | 20200109114025.0 | ||
| 008 | 200109b ||||| |||| 00| 0 eng d | ||
| 040 | _cUMDC | ||
| 082 |
_22019 _aUT 1392 _bP64 |
||
| 100 |
_aMark A. Pillora _941100 |
||
| 245 |
_aSurpassing college adversities: _bEmotional stress among BPE students _cMark A. Pillora, Mary Ann G. Latasa and Meriel Sajarah L. Balandan |
||
| 260 |
_aDigos City: _bUMDC _cDecember 2019 |
||
| 300 |
_a76 pages; _c30 cm. |
||
| 650 |
_aEducation _vPhysical Education _xUndergraduate thesis: _935229 |
||
| 700 |
_aPillora, Mark A. _941101 |
||
| 700 |
_a Latasa, Mary Ann G. _941102 |
||
| 700 |
_aBalandan, Meriel Sajarah L. _941103 |
||
| 942 |
_2ddc _cUT |
||